[Event "ch-Commonwealth"]
[Site "Mumbai IND"]
[Date "2004.01.16"]
[Round "7"]
[White "Coleman,J"]
[Black "Sumit,G"]
[Result "1-0"]
[WhiteElo "2193"]
[BlackElo "2052"]
[EventDate "2004.01.10"]

1. d4 d5 2. Nf3 Nf6 3. c4 e6 4. Nc3 Be7 5. Bg5 O-O 6. e3 h6 7. Bh4 b6 8.
Be2 Bb7 9. Bxf6 Bxf6 10. cxd5 exd5 11. O-O Qe7 12. Rc1 Rd8 13. Qa4 Bc8 14.
Bb5 Qd6 15. Nb1 Bd7 16. Bxd7 Qxd7 17. Qxd7 Rxd7 18. a3 a5 19. Nc3 c6 20.
Na4 Rb7 21. Rc2 b5 22. Nc5 Rb6 23. Rfc1 Be7 24. Ne5 Bxc5 25. Rxc5 Raa6 26.
b3 f6 27. Nd3 Kf7 28. Kf1 Ke7 29. R5c2 Nd7 30. Ke2 Kd6 31. Nc5 Ra8 32. Kd3
Rc8 33. g4 Rbb8 34. Nxd7 Kxd7 35. f3 Rb6 36. e4 Kd6 37. exd5 Kxd5 38. Rc5+
Kd6 39. d5 Rc7 40. Kd4 Kd7 41. h4 Ra6 42. h5 Rb6 43. Ke3 Kd6 44. Kf4 Ra6
45. Kf5 Rb6 46. Kg6 Ra6 47. Rxc6+ Rcxc6 48. Rxc6+ Rxc6 49. dxc6 Kxc6 50.
Kxg7 1-0

[Event "ch-Commonwealth"]
[Site "Mumbai IND"]
[Date "2004.01.16"]
[Round "7"]
[White "Venkatesh,H"]
[Black "Sivanandan,B"]
[Result "0-1"]
[WhiteElo "2094"]
[BlackElo "2340"]
[EventDate "2004.01.10"]

1. Nf3 g6 2. g3 Bg7 3. e4 d5 4. exd5 Nf6 5. Bg2 O-O 6. O-O Nxd5 7. d4 Nc6
8. Na3 Bf5 9. c3 Rb8 10. Nc4 Qc8 11. Re1 Rd8 12. Qb3 Bh3 13. Bh1 b5 14.
Nce5 Nxe5 15. Nxe5 c6 16. c4 bxc4 17. Qxc4 Rb6 18. Bd2 Be6 19. Qc2 Qa6 20.
a3 Bf5 21. Qc1 h5 22. Bf3 Rd6 23. Nc4 Bxd4 24. Nxd6 exd6 25. Re8+ Kh7 26.
Bxd5 cxd5 27. Bc3 Qc4 28. Bxd4 Qxd4 29. Qc3 Qxc3 30. bxc3 Kg7 31. Ra8 Rb7
32. Rd1 Rc7 33. f3 Rxc3 34. Rxa7 Be6 35. Kg2 Rc2+ 36. Kg1 Ra2 37. h4 Bh3
38. Rd3 d4 39. Ra4 Ra1+ 40. Kh2 Bf5 41. Rdxd4 Bd7 42. Ra7 Bc6 43. Rxd6 Bxf3
0-1

[Event "ch-Commonwealth"]
[Site "Mumbai IND"]
[Date "2004.01.16"]
[Round "7"]
[White "Ravi,TeS"]
[Black "Sai,Sr"]
[Result "0-1"]
[WhiteElo "2069"]
[BlackElo "2264"]
[EventDate "2004.01.10"]

1. d4 c5 2. d5 e5 3. c4 d6 4. Nc3 g6 5. e4 Bg7 6. Be3 Ne7 7. Qd2 f5 8. f3
f4 9. Bf2 g5 10. Nge2 Ng6 11. Nc1 h5 12. b4 cxb4 13. Na4 b6 14. Nd3 Bd7 15.
Qxb4 Bf8 16. Nc3 Na6 17. Qb2 Nc5 18. a4 g4 19. a5 gxf3 20. gxf3 Nh4 21.
Bxh4 Qxh4+ 22. Qf2 Qxf2+ 23. Kxf2 Nb3 24. Ra2 Nxa5 25. Nb5 Kd8 26. Nb4 a6
27. Na3 Be7 28. h4 Kc7 29. Nb1 Rhg8 30. Nd2 Kb7 31. Bh3 Bxh4+ 32. Kf1 Bxh3+
33. Rxh3 Bg3 34. Nd3 Kc7 35. c5 Nb7 36. c6 Na5 37. Rxh5 Rh8 38. Rxh8 Rxh8
39. Nb4 Rh1+ 40. Ke2 Kc8 41. Nxa6 Nb3 42. Nc4 Rh2+ 43. Kd1 Rxa2 44. Nxd6+
Kd8 0-1

[Event "ch-Commonwealth"]
[Site "Mumbai IND"]
[Date "2004.01.16"]
[Round "7"]
[White "Nikhilesh,K"]
[Black "Yash,A"]
[Result "1-0"]
[WhiteElo "2261"]
[BlackElo "2091"]
[EventDate "2004.01.10"]

1. e4 e5 2. Nf3 Nc6 3. Bb5 a6 4. Ba4 Nf6 5. O-O Be7 6. Re1 b5 7. Bb3 d6 8.
c3 Na5 9. Bc2 c5 10. d4 cxd4 11. cxd4 Qc7 12. h3 O-O 13. Nbd2 Bd7 14. Nf1
Rfc8 15. Ne3 Nc6 16. Bb1 Bf8 17. dxe5 Nxe5 18. Nd4 Qb7 19. Nef5 h6 20. Bf4
Rd8 21. Qb3 Ng6 22. Bh2 Rac8 23. a4 Bc6 24. Nxc6 Rxc6 25. axb5 Qxb5 26.
Qxb5 axb5 27. Ra7 d5 28. exd5 Nxd5 29. Bg3 Ndf4 30. Ba2 Ne6 31. Rb7 b4 32.
Ne3 Rd2 33. Bd5 Ra6 34. Bc4 Ra8 35. b3 Nef4 36. Rc7 1-0

[Event "ch-Commonwealth"]
[Site "Mumbai IND"]
[Date "2004.01.17"]
[Round "8"]
[White "Sandipan,C"]
[Black "Deshmukh,A"]
[Result "1-0"]
[WhiteElo "2522"]
[BlackElo "2340"]
[EventDate "2004.01.10"]

1. e4 c5 2. Nf3 d6 3. Bb5+ Nd7 4. c3 a6 5. Ba4 Ngf6 6. Qe2 b5 7. Bc2 Bb7 8.
d4 e5 9. d5 g6 10. b3 Bg7 11. a4 b4 12. a5 O-O 13. g3 bxc3 14. Ra4 Nxd5 15.
exd5 Bxd5 16. Nxc3 Bc6 17. Be4 Bxa4 18. Nxa4 Ra7 19. O-O Qxa5 20. Rd1 Nf6
21. Rxd6 Nxe4 22. Qxe4 Qb4 23. Qd5 Qb7 24. Qxb7 Rxb7 25. Nxc5 Rb5 26. Be3
Rc8 27. b4 a5 28. bxa5 Bf8 29. Rb6 Rbxc5 30. Bxc5 Bxc5 31. Rb7 e4 32. Ne5
Bd4 33. Nxf7 Rc2 34. Nh6+ Kf8 35. Rf7+ Ke8 36. Rf4 Kd7 37. Ng4 Kd6 38. Rxe4
Kc5 39. Re7 h5 40. Rc7+ 1-0

[Event "ch-Commonwealth"]
[Site "Mumbai IND"]
[Date "2004.01.17"]
[Round "8"]
[White "Tilak,S"]
[Black "Ravi,L"]
[Result "0-1"]
[WhiteElo "2310"]
[BlackElo "2462"]
[EventDate "2004.01.10"]

1. e4 c5 2. Nf3 d6 3. Bb5+ Nd7 4. c4 Ngf6 5. Nc3 g6 6. d4 cxd4 7. Nxd4 Bg7
8. O-O O-O 9. Bxd7 Bxd7 10. Qe2 Rc8 11. Rd1 Qa5 12. Nc2 Be6 13. Ne3 Qa6 14.
Ncd5 Rfe8 15. f3 Bxd5 16. cxd5 Nd7 17. Rb1 0-1

[Event "ch-Commonwealth"]
[Site "Mumbai IND"]
[Date "2004.01.17"]
[Round "8"]
[White "Singh,G"]
[Black "Ramesh,R"]
[Result "1/2-1/2"]
[WhiteElo "2360"]
[BlackElo "2506"]
[EventDate "2004.01.10"]

1. e4 c5 2. Nf3 Nc6 3. d4 cxd4 4. Nxd4 Nf6 5. Nc3 d6 6. Bg5 Qb6 7. Nb3 e6
8. Qd2 a6 9. O-O-O Be7 10. f4 O-O 11. Bxf6 Bxf6 12. Qxd6 Bxc3 13. bxc3 Rd8
14. Qc5 Rxd1+ 15. Kxd1 Qc7 16. g3 b6 17. Qe3 Bb7 18. Kc1 Rc8 19. Be2 Nb4
20. Kb2 Bxe4 21. Rc1 Nxc2 22. Rxc2 Bxc2 23. Kxc2 b5 24. Kb2 Rd8 25. Bd3 g6
26. Bc2 a5 27. Nd2 b4 28. Ne4 bxc3+ 1/2-1/2

[Event "ch-Commonwealth"]
[Site "Mumbai IND"]
[Date "2004.01.17"]
[Round "8"]
[White "Michelakis,G"]
[Black "Rathnakaran,K"]
[Result "0-1"]
[WhiteElo "2432"]
[BlackElo "2309"]
[EventDate "2004.01.10"]

1. d4 Nf6 2. c4 g6 3. Nc3 Bg7 4. e4 d6 5. Be2 O-O 6. Nf3 Nc6 7. d5 Ne5 8.
Nxe5 dxe5 9. O-O Nd7 10. Be3 c5 11. a3 a5 12. Rb1 f5 13. f3 f4 14. Bf2 g5
15. Na4 Ra6 16. Nxc5 Nxc5 17. Bxc5 Rh6 18. Re1 Qe8 19. h3 Bxh3 20. gxh3 Qc8
21. Bf1 Qxc5+ 22. Kh1 g4 23. b4 axb4 24. axb4 Qf2 25. Qe2 Qh4 26. Rb3 gxh3
27. Rc1 Rg6 28. c5 Rg2 29. Bxg2 hxg2+ 30. Kxg2 Rf6 31. Rg1 Rg6+ 32. Kf1
Qh3+ 33. Qg2 Rxg2 34. Rxg2 Qc8 35. Rc2 Bf8 36. c6 e6 37. b5 exd5 38. exd5
b6 39. c7 Bd6 40. Ke2 Kf8 41. Rc6 Ke7 42. Rb1 Bc5 43. Rh1 Qf5 44. c8=Q Qc2+
45. Ke1 0-1

[Event "ch-Commonwealth"]
[Site "Mumbai IND"]
[Date "2004.01.17"]
[Round "8"]
[White "Koneru,H"]
[Black "Murshed,N"]
[Result "0-1"]
[WhiteElo "2498"]
[BlackElo "2436"]
[EventDate "2004.01.10"]

1. d4 g6 2. c4 Bg7 3. g3 Nf6 4. Bg2 O-O 5. Nc3 d6 6. Nf3 Nbd7 7. O-O e5 8.
h3 Re8 9. e4 exd4 10. Nxd4 Nc5 11. Re1 a5 12. b3 Nfd7 13. Be3 Ne5 14. Qc2
Ned3 15. Red1 Nb4 16. Qd2 Bd7 17. Rab1 Qc8 18. Kh2 Re5 19. Nde2 Nc6 20. Nf4
Na6 21. c5 Nxc5 22. Bxc5 Rxc5 23. Ncd5 Qd8 24. Nd3 Rb5 25. a4 Rxd5 26. exd5
Nd4 27. Re1 h5 28. b4 b5 29. bxa5 bxa4 30. Nc1 Bf5 31. Rb4 Nc2 32. Rxa4
Nxe1 33. Qxe1 Qc8 34. Na2 Bc2 35. Ra3 Bb2 36. Re3 Bd4 37. Re2 Qf5 38. Nb4
Ba4 39. Qd2 Bb5 40. Qe1 Ba4 41. Ra2 Bb5 42. a6 Qf6 43. f4 Bc3 44. Qb1 Bxb4
45. Qxb4 Rxa6 46. Rc2 Bd3 47. Qb8+ Kg7 48. Rxc7 Ra2 49. Qb3 Rd2 50. Qb4 Re2
51. Rc1 Be4 52. Rg1 Bxd5 53. Kh1 Rb2 54. Qa3 Qd4 55. Qxb2 Qxb2 56. Bxd5 Qd2
57. Bf3 h4 58. gxh4 Qxf4 59. Bg4 f5 60. Bd1 Qxh4 61. Kh2 Qf2+ 62. Rg2 Qf4+
0-1

[Event "ch-Commonwealth"]
[Site "Mumbai IND"]
[Date "2004.01.17"]
[Round "8"]
[White "Sundararajan,K"]
[Black "Fominyh,A"]
[Result "1/2-1/2"]
[WhiteElo "2437"]
[BlackElo "2559"]
[EventDate "2004.01.10"]

1. d4 e6 2. c4 Bb4+ 3. Bd2 a5 4. Nc3 d5 5. e3 b6 6. Bd3 Nf6 7. Nge2 O-O 8.
O-O Bb7 9. cxd5 exd5 10. Rc1 Re8 11. f3 Bf8 12. Qb3 Na6 13. a3 c5 14. Bb1
Rb8 15. Rfe1 g6 16. Qc2 Nc7 17. Rcd1 Bh6 18. dxc5 bxc5 19. e4 Bxd2 20. Rxd2
Qe7 21. Ng3 Qe5 22. Rdd1 d4 23. Na4 Ne6 24. Ba2 Nd7 25. Bxe6 Rxe6 26. b3
Ba6 27. Rb1 Rc6 28. Qd2 c4 29. bxc4 Rxb1 30. Rxb1 Rxc4 31. Nb6 Nxb6 32.
Rxb6 Qc5 33. Rb8+ Bc8 34. Rb1 Qxa3 35. Qg5 a4 36. Nf5 Bxf5 37. exf5 Qe3+
38. Qxe3 dxe3 39. f6 h5 40. Kf1 a3 41. Rb8+ Kh7 42. Re8 e2+ 43. Kxe2
1/2-1/2

[Event "ch-Commonwealth"]
[Site "Mumbai IND"]
[Date "2004.01.17"]
[Round "8"]
[White "Gluckman,D"]
[Black "Venkatesh,M"]
[Result "0-1"]
[WhiteElo "2356"]
[BlackElo "2392"]
[EventDate "2004.01.10"]

1. e4 c5 2. Nf3 Nc6 3. Bb5 Nf6 4. Nc3 Qc7 5. Nd5 Nxd5 6. exd5 Nb4 7. Bc4 b5
8. Bxb5 Nxd5 9. O-O Bb7 10. d4 cxd4 11. Qxd4 f6 12. Re1 a6 13. Ba4 O-O-O
14. c4 e5 15. Qd1 Nb6 16. Bb3 g5 17. Be3 Bc5 18. Qe2 d6 19. Rac1 Kb8 20.
Bd1 h5 21. a3 h4 22. b4 Bxe3 23. fxe3 g4 24. Nd2 h3 25. g3 f5 26. Bb3 Nd7
27. Ba4 Nf6 28. c5 dxc5 29. Rxc5 Qf7 30. Nc4 Ne4 31. Nxe5 Qg7 32. Nc6+ Bxc6
33. Rxc6 Qb7 34. Qb2 Rhe8 35. Re2 Qxc6 36. Bxc6 Rd1+ 0-1

[Event "ch-Commonwealth"]
[Site "Mumbai IND"]
[Date "2004.01.17"]
[Round "8"]
[White "Kunte,A"]
[Black "Smirnov,P"]
[Result "1/2-1/2"]
[WhiteElo "2512"]
[BlackElo "2609"]
[EventDate "2004.01.10"]

1. c4 c5 2. b3 Nc6 3. Bb2 e6 4. Nf3 Nf6 5. e3 d5 6. cxd5 exd5 7. Bb5 a6 8.
Bxc6+ bxc6 9. O-O Bd6 10. Qc2 O-O 11. d4 cxd4 12. Nxd4 c5 13. Nf5 Ng4 14.
Nxd6 Qxd6 15. g3 Qh6 16. h4 g5 17. Qxc5 gxh4 18. Qd4 f6 19. Qf4 Qxf4 20.
gxf4 Ra7 21. Bd4 Rg7 22. Kh1 1/2-1/2

[Event "ch-Commonwealth"]
[Site "Mumbai IND"]
[Date "2004.01.17"]
[Round "8"]
[White "Thipsay,P"]
[Black "Short,N"]
[Result "1/2-1/2"]
[WhiteElo "2486"]
[BlackElo "2702"]
[EventDate "2004.01.10"]

1. e4 e5 2. Nf3 Nc6 3. Bb5 a6 4. Ba4 Nf6 5. O-O Be7 6. Re1 b5 7. Bb3 d6 8.
c3 O-O 9. h3 Nb8 10. d4 Nbd7 11. Nbd2 Bb7 12. Bc2 Re8 13. a4 Bf8 14. Bd3 c6
15. b3 g6 16. Bb2 Nh5 17. Qc2 Nf4 18. Bf1 Bg7 19. b4 Rc8 20. Nb3 Qc7 21. g3
Ne6 22. dxe5 Nxe5 23. Nxe5 Bxe5 24. Qd2 Rcd8 25. axb5 cxb5 26. Bg2 h5 27.
f4 Bg7 28. h4 Nf8 29. Na5 Ba8 30. Rac1 Nd7 31. c4 Qb6+ 32. Kh2 Nf6 33. Bxf6
Bxf6 34. cxb5 axb5 35. Nb3 Rc8 36. Rxc8 Rxc8 37. e5 dxe5 38. fxe5 Bxg2 39.
Kxg2 Be7 40. e6 fxe6 41. Qd7 Qc6+ 42. Qxc6 Rxc6 43. Nd4 Rc4 44. Nxe6 Kf7
45. Nf4 Bxb4 46. Rb1 Bd6 47. Rxb5 Bxf4 48. gxf4 Rxf4 49. Kg3 Rg4+ 50. Kh3
Re4 51. Rb3 Kf6 52. Rf3+ Ke5 53. Rf8 Rf4 54. Re8+ Kf5 55. Rf8+ Ke4 56. Re8+
Kf3 57. Re6 Rg4 58. Rf6+ Ke3 59. Re6+ Kf3 60. Rf6+ Ke4 61. Ra6 1/2-1/2

[Event "ch-Commonwealth"]
[Site "Mumbai IND"]
[Date "2004.01.17"]
[Round "8"]
[White "Vijayalakshmi,S"]
[Black "Hegde,R"]
[Result "1-0"]
[WhiteElo "2444"]
[BlackElo "2344"]
[EventDate "2004.01.10"]

1. Nf3 Nf6 2. g3 g6 3. Bg2 Bg7 4. O-O O-O 5. d4 c5 6. d5 d6 7. a4 Na6 8.
Nfd2 Nc7 9. Nc4 b6 10. e4 Ba6 11. Nba3 Qd7 12. c3 e6 13. Re1 exd5 14. exd5
Rfe8 15. Rxe8+ Rxe8 16. Bf4 Bf8 17. Bf3 h6 18. h4 Ncxd5 19. Bxd6 Bxd6 20.
Nxd6 Qxd6 21. c4 Qe5 22. cxd5 Qxb2 23. Nc2 Bb7 24. Ne3 h5 25. Nc4 Qc3 26.
Rc1 Re1+ 27. Qxe1 Qxf3 28. Qd1 Qe4 29. Nd6 Qxd5 30. Qxd5 Bxd5 31. Nc8 Bb3
32. a5 Nd5 33. Nxa7 bxa5 34. Rxc5 a4 35. Nb5 Nb6 36. Nd4 Bd1 37. f3 a3 38.
Rc3 1-0

[Event "ch-Commonwealth"]
[Site "Mumbai IND"]
[Date "2004.01.17"]
[Round "8"]
[White "Dzhumaev,M"]
[Black "Roy Chowdhury,S"]
[Result "1-0"]
[WhiteElo "2498"]
[BlackElo "2400"]
[EventDate "2004.01.10"]

1. e4 e5 2. Nf3 Nc6 3. Bb5 a6 4. Ba4 Nf6 5. O-O Be7 6. Re1 b5 7. Bb3 d6 8.
c3 O-O 9. h3 Nb8 10. d4 Nbd7 11. Nbd2 Bb7 12. Bc2 Re8 13. b3 Bf8 14. Bb2 c5
15. b4 c4 16. a4 g6 17. Nf1 Qc7 18. Ng3 Nb6 19. Bc1 bxa4 20. Bg5 Bg7 21. d5
a5 22. Bxa4 Reb8 23. bxa5 Rxa5 24. Bc2 Rba8 25. Rxa5 Rxa5 26. Qb1 Nfd7 27.
Nd2 Bf6 28. Be3 Kg7 29. Bd1 Nc5 30. Be2 Ba6 31. Qb2 Nba4 32. Qa3 Nb3 33.
Nxb3 cxb3 34. Qxb3 Qxc3 35. Qb1 Bxe2 36. Nxe2 Qc4 37. Qb8 Qa6 38. Ng3 Nc5
39. Kh2 Rb5 40. Qe8 Nd3 41. Rd1 Rb3 42. Rd2 Rb2 43. Rxb2 Nxb2 44. Bh6+ Kxh6
45. Qxf7 Bh8 46. Qf8+ Bg7 47. Qe7 Bh8 48. h4 Qc8 49. Nf5+ 1-0

[Event "ch-Commonwealth"]
[Site "Mumbai IND"]
[Date "2004.01.17"]
[Round "8"]
[White "Lodhi,M"]
[Black "Ramakrishna,J"]
[Result "1-0"]
[WhiteElo "2395"]
[BlackElo "2308"]
[EventDate "2004.01.10"]

1. d4 Nf6 2. c4 e6 3. Nf3 b6 4. g3 Ba6 5. Nbd2 c5 6. Bg2 Nc6 7. e3 Be7 8.
O-O O-O 9. b3 cxd4 10. Nxd4 Rc8 11. Nxc6 dxc6 12. Bb2 Qc7 13. Qc2 Rcd8 14.
Nf3 Nd7 15. Rad1 Bf6 16. Nd4 Nb8 17. Ba3 c5 18. Nb5 Bxb5 19. cxb5 Rxd1 20.
Rxd1 Rd8 21. Rxd8+ Qxd8 22. Bc1 a6 23. Bf1 axb5 24. Bxb5 Qd6 25. Qd2 Qxd2
26. Bxd2 Kf8 27. b4 Be7 28. e4 e5 29. Be3 cxb4 30. Bxb6 Bd6 31. Bd8 f6 32.
Kf1 Kf7 33. Ke2 Ke6 34. Kd3 Bc5 35. f3 Kd6 36. Kc4 Nc6 37. Bxc6 Kxc6 38.
Ba5 g6 39. g4 1-0

[Event "ch-Commonwealth"]
[Site "Mumbai IND"]
[Date "2004.01.17"]
[Round "8"]
[White "Ganguly,S"]
[Black "Feldman,V"]
[Result "1/2-1/2"]
[WhiteElo "2541"]
[BlackElo "2322"]
[EventDate "2004.01.10"]

1. e4 c5 2. Nf3 d6 3. d4 cxd4 4. Nxd4 Nf6 5. Nc3 a6 6. Be2 e5 7. Nb3 Be7 8.
O-O O-O 9. Kh1 Nc6 10. f4 b5 11. Bf3 Na5 12. fxe5 dxe5 13. Nxa5 Qxa5 14.
Nd5 Nxd5 15. Qxd5 Qc7 16. Qxa8 Bb7 17. Qxf8+ Kxf8 18. Be3 Bc5 19. Bd2 Bc6
20. Rad1 Ke7 21. a3 Qb7 22. Ba5 Bd4 23. c3 Bb6 24. Bb4+ Ke8 25. a4 g6 26.
Bg4 a5 27. Ba3 b4 28. cxb4 axb4 29. Bxb4 Bd4 30. Bc3 f5 31. Be2 Bxa4 32.
Ra1 Bc6 33. Ba6 Qd7 34. Bxd4 Qxd4 35. Rfd1 Qxe4 36. Bf1 f4 37. Re1 Qd4 38.
Rac1 Qd6 39. Red1 Qe6 40. Bc4 Qg4 41. Bd5 Bxd5 42. Rxd5 Qe2 43. Rdc5 Qxb2
44. Re1 Kf7 45. Rcxe5 Qf2 46. R5e2 Qc5 47. h3 g5 48. Rd1 Kf6 49. Rd7 h5 50.
Red2 g4 51. R7d5 Qc1+ 52. Rd1 Qc2 53. R5d2 Qc3 54. Rd3 Qc2 55. R3d2 1/2-1/2

[Event "ch-Commonwealth"]
[Site "Mumbai IND"]
[Date "2004.01.17"]
[Round "8"]
[White "Conquest,S"]
[Black "Saptarshi,R"]
[Result "1-0"]
[WhiteElo "2543"]
[BlackElo "2329"]
[EventDate "2004.01.10"]

1. e4 d5 2. exd5 Qxd5 3. Nc3 Qa5 4. Bc4 Nf6 5. d3 c6 6. Bd2 Qc7 7. f4 Bf5
8. Nf3 e6 9. O-O Bd6 10. Ng5 Nbd7 11. a4 Nb6 12. Bb3 O-O-O 13. a5 Nbd5 14.
a6 b6 15. Qc1 Bc5+ 16. Kh1 h6 17. Nf3 g5 18. Ne2 Bd6 19. Ra4 Bg4 20. Nfd4
Nh5 21. Rc4 c5 22. Nb5 Qd7 23. Nxd6+ Qxd6 24. Nc3 Ndxf4 25. Nb5 Qd7 26. Ba4
Qe7 27. b4 Be2 28. bxc5 bxc5 29. Qb2 Nxd3 30. cxd3 Rxd3 31. Rfc1 1-0

[Event "ch-Commonwealth"]
[Site "Mumbai IND"]
[Date "2004.01.17"]
[Round "8"]
[White "Lahiri,A"]
[Black "Sriram,J"]
[Result "1-0"]
[WhiteElo "2325"]
[BlackElo "2450"]
[EventDate "2004.01.10"]

1. d4 d5 2. c4 c6 3. cxd5 cxd5 4. Nf3 Nf6 5. Nc3 Nc6 6. Bf4 Bf5 7. e3 e6 8.
Qb3 Bb4 9. Bb5 O-O 10. O-O Bxc3 11. Qxc3 Ne4 12. Qa3 g5 13. Bg3 h5 14. Bxc6
bxc6 15. h4 Nxg3 16. fxg3 Qc7 17. Kh2 g4 18. Ng1 Bg6 19. Ne2 Rab8 20. Rf2
Rfe8 21. Raf1 Qe7 22. Qc3 Qb4 23. Qxc6 Qxb2 24. Qc7 Qb7 25. Qe5 f5 26. Nf4
Qg7 27. Qd6 Rb6 28. Qc5 Kh7 29. Rc1 Reb8 30. Rfc2 Be8 31. Qa5 R8b7 32. Rc8
Qd7 33. R8c3 Bf7 34. Nd3 Qd6 35. Ne5 Bg6 36. Rc5 f4 37. Qc3 fxg3+ 38. Kxg3
Rg7 1-0

[Event "ch-Commonwealth"]
[Site "Mumbai IND"]
[Date "2004.01.17"]
[Round "8"]
[White "Iuldachev,S"]
[Black "Harika,D"]
[Result "1-0"]
[WhiteElo "2559"]
[BlackElo "2329"]
[EventDate "2004.01.10"]

1. e4 c5 2. Nc3 Nc6 3. f4 g6 4. Nf3 Bg7 5. Bb5 Nd4 6. O-O Nxb5 7. Nxb5 d5
8. e5 a6 9. Nc3 d4 10. Ne4 Qd5 11. d3 Nh6 12. Qe1 O-O 13. a4 a5 14. Nfd2 b6
15. Nc4 Qc6 16. h3 Bb7 17. Qf2 Rad8 18. b3 f6 19. exf6 exf6 20. Bd2 Rfe8
21. Rae1 Nf5 22. Re2 Ne7 23. Rfe1 Nd5 24. f5 g5 25. h4 h6 26. Qf3 Bf8 27.
Qh5 Re7 28. Qg4 Rg7 29. Ng3 Nf4 30. Bxf4 gxf4 31. Qxf4 h5 32. Qf2 Qc7 33.
Nxh5 Rxg2+ 34. Qxg2+ Bxg2 35. Rxg2+ Kh8 36. Re6 Be7 37. Ne5 Qxe5 38. Rxe5
fxe5 39. f6 Bd6 40. Ng3 Rf8 41. Ne4 Bc7 42. Rg6 Bd8 43. Kh2 Kh7 44. h5 Kh8
45. Kh3 Rf7 46. Kg4 1-0

[Event "ch-Commonwealth"]
[Site "Mumbai IND"]
[Date "2004.01.17"]
[Round "8"]
[White "Singh,Ri"]
[Black "Poobesh Anand,S"]
[Result "0-1"]
[WhiteElo "2285"]
[BlackElo "2360"]
[EventDate "2004.01.10"]

1. c4 e6 2. b3 d5 3. Bb2 Nf6 4. g3 Be7 5. Bg2 O-O 6. Nf3 b6 7. O-O Bb7 8.
d3 c5 9. e3 Nc6 10. Qe2 Qc7 11. Nc3 Rad8 12. Rac1 Rfe8 13. Rfd1 Qb8 14.
cxd5 exd5 15. d4 cxd4 16. Nxd4 Nxd4 17. Rxd4 Bc5 18. Rdd1 d4 19. Na4 Bxg2
20. Kxg2 Ne4 21. Bxd4 Bxd4 22. Rxd4 Rxd4 23. exd4 Nxg3 24. Qf3 Ne2 25. Rd1
Nf4+ 26. Kh1 Qd6 27. Nc3 Qxd4 28. Nd5 Qxd5 29. Qxd5 Nxd5 30. Rxd5 g6 31.
Rd7 Re2 32. Rxa7 Rxf2 33. b4 Rb2 34. a3 b5 35. Kg1 Ra2 36. Kh1 Kg7 37. Kg1
h6 38. Kh1 g5 39. Ra6 f6 40. Kg1 Kg6 41. Kh1 g4 42. Kg1 h5 43. Ra5 f5 44.
Rxb5 Rxa3 45. Rb8 Kg5 46. b5 Kf4 0-1

[Event "ch-Commonwealth"]
[Site "Mumbai IND"]
[Date "2004.01.17"]
[Round "8"]
[White "Deepan,C"]
[Black "Lim Yee Weng"]
[Result "1/2-1/2"]
[WhiteElo "2388"]
[BlackElo "2311"]
[EventDate "2004.01.10"]

1. e4 d5 2. exd5 Qxd5 3. Nc3 Qa5 4. d4 Nf6 5. Bc4 Bf5 6. Nf3 e6 7. Bd2 c6
8. Qe2 Bb4 9. O-O-O Nbd7 10. Ne5 Nxe5 11. dxe5 Nd5 12. Ne4 Bxe4 13. Qxe4
Bxd2+ 14. Rxd2 O-O-O 15. Rhd1 h5 16. Bb3 Ne7 17. Rd6 Nf5 18. Rxd8+ Rxd8 19.
c3 Qc5 20. Rxd8+ Kxd8 21. Qe2 g6 1/2-1/2

[Event "ch-Commonwealth"]
[Site "Mumbai IND"]
[Date "2004.01.17"]
[Round "8"]
[White "Mohota,N"]
[Black "Himanshu,Sh"]
[Result "1/2-1/2"]
[WhiteElo "2337"]
[BlackElo "2380"]
[EventDate "2004.01.10"]

1. d4 d5 2. c4 e6 3. Nc3 Nf6 4. cxd5 exd5 5. Bg5 Be7 6. e3 O-O 7. Bd3 Nbd7
8. Qc2 c6 9. Nf3 Re8 10. O-O Nf8 11. h3 Be6 12. Ne5 N6d7 13. Bxe7 Qxe7 14.
f4 f6 15. Nf3 Nb6 16. Rae1 Qc7 17. Qf2 Re7 18. g4 Rae8 19. Kg2 Nc8 20. f5
Bf7 21. Re2 Nd6 22. Nd2 Nd7 23. Qf4 b6 24. e4 Qb8 25. Rfe1 dxe4 26. Ndxe4
Nxe4 27. Qxb8 Nxb8 28. Rxe4 Kf8 29. Rxe7 Rxe7 30. Rxe7 Kxe7 31. Kf3 Nd7 32.
Ke3 h5 33. Be4 Kd6 34. Bf3 1/2-1/2

[Event "ch-Commonwealth"]
[Site "Mumbai IND"]
[Date "2004.01.17"]
[Round "8"]
[White "Ramaswamy,A"]
[Black "Sharma,D"]
[Result "1/2-1/2"]
[WhiteElo "2280"]
[BlackElo "2373"]
[EventDate "2004.01.10"]

1. e4 e5 2. Nf3 Nc6 3. Bb5 a6 4. Ba4 Nf6 5. O-O Nxe4 6. d4 b5 7. Bb3 d5 8.
dxe5 Be6 9. Nbd2 Nc5 10. c3 Bg4 11. Bc2 Qd7 12. Re1 Rd8 13. Nb3 Ne6 14. a4
Be7 15. axb5 axb5 16. Qd3 Bh5 17. Qxb5 Bxf3 18. gxf3 Nxe5 19. Qxd7+ Nxd7
20. Na5 Nb8 21. f4 g6 1/2-1/2

[Event "ch-Commonwealth"]
[Site "Mumbai IND"]
[Date "2004.01.17"]
[Round "8"]
[White "Gokhale,C"]
[Black "Sahu,S"]
[Result "1/2-1/2"]
[WhiteElo "2372"]
[BlackElo "2277"]
[EventDate "2004.01.10"]

1. d4 d6 2. Nf3 c5 3. d5 e5 4. Nc3 Bg4 5. g3 Be7 6. Bg2 Na6 7. h3 Bxf3 8.
exf3 Bg5 9. Bxg5 Qxg5 10. Qe2 Kf8 11. h4 Qd8 12. O-O Nf6 13. Qd2 Nc7 14. a4
h5 15. Rfe1 g6 16. f4 exf4 17. Qxf4 Kg7 18. b4 b6 19. b5 Qd7 20. Re2 Rae8
21. Rae1 Rxe2 22. Rxe2 Re8 23. Rxe8 Ncxe8 24. Nd1 Qe7 25. Ne3 Nd7 26. Bh3
Ne5 27. Kg2 Qd8 28. Qg5 Qxg5 29. hxg5 f5 30. f4 1/2-1/2

[Event "ch-Commonwealth"]
[Site "Mumbai IND"]
[Date "2004.01.17"]
[Round "8"]
[White "Yogesh,G"]
[Black "Satyapragyan,S"]
[Result "1-0"]
[WhiteElo "2268"]
[BlackElo "2369"]
[EventDate "2004.01.10"]

1. Nf3 c5 2. g3 b6 3. Bg2 Bb7 4. O-O Nf6 5. d3 e6 6. e4 d6 7. Nc3 Be7 8.
Re1 a6 9. Ng5 Nc6 10. f4 h6 11. Nf3 b5 12. e5 dxe5 13. Nxe5 Qc7 14. Qf3 Rc8
15. f5 Nd8 16. Qe2 Bxg2 17. Qxg2 O-O 18. Bf4 Bd6 19. g4 b4 20. Ne4 Bxe5 21.
Nxf6+ gxf6 22. Bxh6 Nc6 23. g5 Kh7 24. Re4 Bd4+ 25. Kh1 Ne7 26. Bxf8 Nxf5
27. gxf6 Bxf6 28. Qh3+ Kg8 29. Bh6 Ng7 30. Rg1 Bxb2 31. Bxg7 Bxg7 32. Qh6
1-0

[Event "ch-Commonwealth"]
[Site "Mumbai IND"]
[Date "2004.01.17"]
[Round "8"]
[White "Girinath,P"]
[Black "Gopal,G"]
[Result "0-1"]
[WhiteElo "2368"]
[BlackElo "2233"]
[EventDate "2004.01.10"]

1. f4 d5 2. Nf3 Bg4 3. e3 Nd7 4. Be2 Bxf3 5. Bxf3 Ngf6 6. d4 e6 7. O-O Be7
8. Nd2 O-O 9. e4 dxe4 10. Nxe4 c5 11. dxc5 Nxc5 12. Nxc5 Bxc5+ 13. Kh1 Qc7
14. Qe2 Rad8 15. Bd2 Bd6 16. c3 Bxf4 17. Bxf4 Qxf4 18. Bxb7 Qb8 19. Ba6 h5
20. Qb5 Qc7 21. Rae1 Rd5 22. Qc4 Qd6 23. Qe2 Rd8 24. Bc4 Rd2 25. Qf3 Rxb2
26. Qg3 Qb8 27. Qg5 Ng4 28. Qh4 Qb7 29. Be2 Ne3 30. Bf3 Qb6 31. Rg1 g6 0-1

[Event "ch-Commonwealth"]
[Site "Mumbai IND"]
[Date "2004.01.17"]
[Round "8"]
[White "Balaji,G"]
[Black "Konguvel,P"]
[Result "1/2-1/2"]
[WhiteElo "2266"]
[BlackElo "2366"]
[EventDate "2004.01.10"]

1. e4 c5 2. Nc3 d6 3. f4 Nc6 4. Nf3 g6 5. Bc4 Bg7 6. O-O e6 7. d3 Nge7 8.
Qe1 O-O 9. f5 d5 10. Bb3 dxe4 11. dxe4 exf5 12. Qh4 fxe4 13. Ng5 h6 14.
Nxf7 Qd4+ 15. Kh1 c4 16. Nxh6+ Bxh6 17. Bxh6 Rxf1+ 18. Rxf1 Nf5 19. Qg5 Kh7
20. Rd1 Qxd1+ 21. Nxd1 cxb3 22. axb3 Nxh6 23. Nc3 Bf5 24. Nd5 Rd8 25. c4
Rf8 26. h3 Ng8 27. Kg1 Re8 28. h4 Ne5 29. h5 Kg7 30. Qf4 Nf6 31. h6+ Kf7
32. Ne3 Ke6 33. Qh4 Neg4 34. Nd5 Nxd5 35. cxd5+ Kd6 36. h7 Rc8 37. Qe1 Nf6
38. Qb4+ Kxd5 39. Qc4+ Rxc4 40. bxc4+ Kxc4 41. h8=Q Nd5 42. Qe5 Kc5 43. b4+
Kc6 44. Qd4 b6 45. Kf2 e3+ 46. Ke1 a5 47. bxa5 bxa5 48. Qc4+ Kd6 49. Qa6+
Ke5 50. Qxa5 Be4 51. g3 Kd4 52. Qa4+ Kd3 53. Qb3+ Kd4 54. Qa4+ Kd3 55. Qb5+
1/2-1/2

[Event "ch-Commonwealth"]
[Site "Mumbai IND"]
[Date "2004.01.17"]
[Round "8"]
[White "Mishra,S"]
[Black "Ravi,Th"]
[Result "0-1"]
[WhiteElo "2227"]
[BlackElo "2353"]
[EventDate "2004.01.10"]

1. e4 c6 2. d4 d5 3. exd5 cxd5 4. c4 Nf6 5. Nc3 e6 6. Nf3 Bb4 7. cxd5 Nxd5
8. Bd2 Nc6 9. Bd3 O-O 10. O-O Be7 11. a3 Bf6 12. Qe2 Re8 13. Rad1 g6 14.
Ne4 Bxd4 15. Bg5 Qb6 16. Bb5 e5 17. Bc4 Nce7 18. Bxe7 Nf4 19. Qd2 Rxe7 20.
Nxd4 Rd7 21. Ng5 Rxd4 22. Bxf7+ Kg7 23. Qe3 Qf6 24. h4 Nxg2 25. Qc1 Nxh4
26. Rxd4 exd4 27. f4 Bd7 28. Qc7 Qe7 29. Be6 h6 30. Qxd7 Qxd7 31. Bxd7 hxg5
32. fxg5 Rf8 0-1